000 01208nam a2200313 i 4500
003 EG-GICUC
005 20260124232725.0
008 260124s2001 |||||||fr|||| 00| 0 ara d
017 _a1998/15756
020 _a9770424811
040 _a EG-GICUC
_bara
_c EG-GICUC
_d EG-GICUC
_erda
041 _aara
082 0 4 _221
_a343.30535
_bم د . و
092 0 4 _221
099 _aLaw1 10 343.30535 م د . و2001
100 0 _aمدحت رمضان
_eمؤلف.
245 1 2 _aالوجيز فى شرح قانون الإجراءات الجنائية الإتحادى لدولة الإمارات العربية التحدة /
_cتأليف دكتور مدحت رمضان.
264 1 _aالقاهرة :
_bدار النهضة العربية،
_c2001.
300 _a518 صفحة ;
_c24 سم.
336 _2rda content
_atext
337 _2rda media
_aComputer
338 _2rda carrier
_aOnline Resource
504 _aيشتمل على إرجاعات ببليوجرافية.
650 1 _aالقانون الجنائي
650 1 _a قانون الإجراءات الجنائية
_zالإمارات
856 4 0 _uhttps://fll.law.cu.edu.eg/fulltext/bks/B10-05888.pdf
905 _a43
942 _2ddc
_n0
_cBK
_e21
999 _c59155
_d59155